International Relations Short Introduction
Gespeichert in:
| 1. Verfasser: | |
|---|---|
| Format: | Buch |
| Sprache: | Englisch |
| Veröffentlicht: |
Cambridge
Polity
2018
|
| Ausgabe: | 3rd Edition |
| Schlagworte: | |
| Tags: |
Keine Tags, Fügen Sie das erste Tag hinzu!
|
MARC
| LEADER | 00000nam a2200000 4500 | ||
|---|---|---|---|
| 001 | 0248240 | ||
| 005 | 20221220065614.5 | ||
| 020 | |a 978-1-5095-0856-3 | ||
| 020 | |a 978-1-5095-0855-6 | ||
| 041 | 0 | |a eng | |
| 044 | |a GB | ||
| 245 | 1 | 0 | |a International Relations |b Short Introduction |c Stephanie Lawson |
| 250 | |a 3rd Edition | ||
| 264 | 1 | |a Cambridge |b Polity |c 2018 | |
| 300 | |a 216 s. | ||
| 610 | 2 | 0 | |a vzťahy medzinárodné |
| 610 | 2 | 0 | |a štát |
| 610 | 2 | 0 | |a svet |
| 610 | 2 | 0 | |a vývoj |
| 610 | 2 | 0 | |a história |
| 610 | 2 | 0 | |a bezpečnosť |
| 610 | 2 | 0 | |a globalizácia |
| 610 | 2 | 0 | |a politika medzinárodná |
| 610 | 2 | 0 | |a politika hospodárska medzinárodná |
| 100 | 1 | |a Lawson, Stephanie | |